| 000 | 00358nas a2200133 a 4500 | ||
|---|---|---|---|
| 008 | 111108c20119999||||||||||||||||| || u | ||
| 050 | _aIBRD(05)DO | ||
| 110 | _aWorld Bank | ||
| 245 | 1 | 0 | _aDevelopment Outreach: Open development |
| 260 |
_aWashington, DC _bWorld Bank _c2011 |
||
| 300 | _a71p. ;ill. | ||
| 350 | _a0.00 | ||
| 650 | 0 | _aAFRICA--ECONOMIC CONDITIONS | |
| 999 |
_c40020 _d40020 |
||